000 00385nam a22001577a 4500
005 20180201152850.0
008 160523b xxu||||| |||| 00| 0 eng d
020 _a81-86314-350
041 _aeng
082 _b4383
_a004
100 _aOKA, Millind M. Dr.
_91075
245 _aComputer Fundamentals cf
260 _aNew Delhi
_beverest publishing house
300 _a271
942 _cBK
999 _c1465
_d1465